000 00533nam a2200181Ia 4500
003 GCL
008 140319s9999 xx 000 0 ara d
040 _aGCL /
_cGCL
082 0 4 _a252.4
_bص ز
100 1 _aصفوت عبدالفتاح محمود
245 1 0 _aالزكاء وأثرها فى تهذيب النفوس /
_cصفوت عبدالفتاح محمود
260 _a[S.N] :
_bدار الجيل ،
_c1992
300 _a122 ص
490 _a
650 0 4 _aفقه اسلامى
650 0 4 _aالزكاة
942 _2ddc
_cBK
999 _c54114
_d54114